Datum a čas kvízu
42
Celkem bodů
Celkový počet nahraných bodů na tomto kvízu bez doplňovacích otázek.
2.
Pořadí na kvízu
Konečné umístění týmu na tomto kvízu.
Zaznamenané odpovědi
| # | Otázka | Odpověď | Body | Výsledky |
|---|---|---|---|---|
| 1. | Pražská zoo učinila další krok... | sysel | 0 | |
| 2. | Ambiciózní projekt v podobě bu... | Indonésie | 1 | |
| 3. | 42letá americká zpěvačka vydal... | Britney Spears | 1 | |
| 4. | Fotografii komety Olbers nad j... | Kunětická hora | 1 | |
| 5. | Hokejista David Pastrňák se ož... | Hvar | 1 | |
| 6. | Tato plodina je známá též jako... | maniok | 1 | |
| 7. | Mezi jihoamerické speciality,... | kapybara | 1 | |
| 8. | Payara, Tucunare nebo Arapaima... | C | 1 | |
| 9. | Chicha je (obvykle) alkoholick... | kukuřice | 0 | |
| 10. | Ač si většina z nás patrně spo... | Bolívie | 0 |